Homeopathy oushadharatna prakasika, Part 3 / (Record no. 6171)
[ view plain ]
| 000 -LEADER | |
|---|---|
| fixed length control field | 00451cam a2200169ua 4500 |
| 041 ## - LANGUAGE CODE | |
| Language code of text/sound track or separate title | mal |
| 082 ## - DEWEY DECIMAL CLASSIFICATION NUMBER | |
| Classification number | 615.532 |
| Item number | RAM/HO |
| 100 ## - MAIN ENTRY--AUTHOR NAME | |
| Personal name | Ramakrishna Menon, C . |
| 245 ## - TITLE STATEMENT | |
| Title | Homeopathy oushadharatna prakasika, Part 3 / |
| 260 ## - PUBLICATION, DISTRIBUTION, ETC. (IMPRINT) | |
| Place of publication | Eranakulam : |
| Name of publisher | Homeopathic study centre , |
| Year of publication | 1966. |
| 300 ## - PHYSICAL DESCRIPTION | |
| Number of Pages | 275 ; . |
| 942 ## - ADDED ENTRY ELEMENTS (KOHA) | |
| Koha item type | Books |
| Withdrawn status | Lost status | Damaged status | Home library | Current library | Date acquired | Full call number | Accession Number | Koha item type |
|---|---|---|---|---|---|---|---|---|
| Withdrawn | KAUAET | Malayalam University | 07/04/2012 | 615.532 | 9253 | Books |
